000
00221 a2200097 4500
001
59578
090
_c
36447
_d
36447
100
_a
hall george M.
245
_a
How to present at meetings
260
_a
USA
_b
BMJ books
_c
2007
942
_a
NUST-CAE
_k
610.69 HAL
999
_c
294651
_d
294651